5HLuxD.jpg

KING HENRY VIII SENIOR AND PRIMARY SCHOOL LIBRARY OPAC

Fortune cookie : (Record no. 1780)

000 -LEADER
fixed length control field 01576cam a2200325 i 4500
001 - CONTROL NUMBER
control field 005694769
003 - CONTROL NUMBER IDENTIFIER
control field OCoLC
005 - DATE AND TIME OF LATEST TRANSACTION
control field 20230127103342.0
008 - FIXED-LENGTH DATA ELEMENTS--GENERAL INFORMATION
fixed length control field 150204t20162015enk j 000 f eng d
015 ## - NATIONAL BIBLIOGRAPHY NUMBER
National bibliography number GBB544394
Source bnb
020 ## - INTERNATIONAL STANDARD BOOK NUMBER
International Standard Book Number 9780141351858
Qualifying information (paperback)
035 ## - SYSTEM CONTROL NUMBER
System control number (OCoLC)913788197
040 ## - CATALOGING SOURCE
Original cataloging agency NLE
Language of cataloging eng
Description conventions rda
Transcribing agency NLE
Modifying agency OCLCO
-- WC4
-- OCLCO
-- THN
-- OCLCQ
-- OCLCF
-- OCLCO
-- KH8
042 ## - AUTHENTICATION CODE
Authentication code nbic
082 ## - DEWEY DECIMAL CLASSIFICATION NUMBER
Classification number 823.92 CAS
100 1# - MAIN ENTRY--PERSONAL NAME
Personal name Cassidy, Cathy,
Dates associated with a name 1962-
Relator term author.
245 10 - TITLE STATEMENT
Title Fortune cookie :
Remainder of title the chocolate box boy /
Statement of responsibility, etc. Cathy Cassidy.
264 #1 - PRODUCTION, PUBLICATION, DISTRIBUTION, MANUFACTURE, AND COPYRIGHT NOTICE
Place of production, publication, distribution, manufacture [London] :
Name of producer, publisher, distributor, manufacturer Puffin,
Date of production, publication, distribution, manufacture, or copyright notice 2016.©2015.
264 #4 - PRODUCTION, PUBLICATION, DISTRIBUTION, MANUFACTURE, AND COPYRIGHT NOTICE
Date of production, publication, distribution, manufacture, or copyright notice ©2015.
300 ## - PHYSICAL DESCRIPTION
Extent 239 pages ;
Dimensions 22 cm.
336 ## - CONTENT TYPE
Content type term text
Content type code txt
Source rdacontent.
337 ## - MEDIA TYPE
Media type term unmediated
Media type code n
Source rdamedia.
338 ## - CARRIER TYPE
Carrier type term volume
Carrier type code nc
Source rdacarrier.
490 1# - SERIES STATEMENT
Series statement The chocolate box girls.
520 ## - SUMMARY, ETC.
Summary, etc. "Jake Cooke has just had the surprise of his life. He already knew he had a no-good dad but now he's got four half-sisters that he never knew existed. When Jake's talent for trouble causes chaos at home, he runs away to meet his new family. Life in a rundown flat in Chinatown is a far cry from Tanglewood where the days were filled with picnics, beach parties and chocolate festivals. It's already starting to feel like home. But Jake's about to realize he can only escape his future for so long. However far you go, you can't outrun destiny ..."--Jacket flap.
650 #0 - SUBJECT ADDED ENTRY--TOPICAL TERM
Topical term or geographic name entry element Brothers and sisters
Form subdivision Juvenile fiction.
650 #1 - SUBJECT ADDED ENTRY--TOPICAL TERM
Topical term or geographic name entry element Brothers and sisters
Form subdivision Fiction.
800 1# - SERIES ADDED ENTRY--PERSONAL NAME
Personal name Cassidy, Cathy,
Dates associated with a name 1962-
Title of a work Chocolate box girls.
942 ## - ADDED ENTRY ELEMENTS (KOHA)
Source of classification or shelving scheme
Koha item type Books - Non Ficton
Holdings
Withdrawn status Lost status Source of classification or shelving scheme Damaged status Not for loan Collection code Permanent Location Current Location Shelving location Date acquired Total Checkouts Full call number Barcode Date last seen Date last checked out Price effective from Koha item type
          Non-Fiction KH8 Primary School Library KH8 Primary School Library Non Fiction 2023-01-27 5 823.92 CAS KHPL000003530 2025-12-05 2025-02-18 2023-01-27 Books - Non Ficton

Powered By KH8 IT Dept